[Event "World Youth U-16 Olympiad 2018"]
[Site "Konya"]
[Date "2018.11.26"]
[Round "2"]
[White "Stearman, Josiah"]
[Black "Santos, Jose Guilherme B Li"]
[Result "0-1"]
[WhiteElo "2309"]
[BlackElo "2113"]
[Annotator "TA"]
[PlyCount "150"]
[EventDate "2018.11.25"]
[EventType "team-tourn"]
[EventCountry "TUR"]
[SourceTitle "playchess.com"]
[Source "ChessBase"]
[SourceQuality "1"]
[WhiteTeam "United States"]
[BlackTeam "Portugal"]
[WhiteTeamCountry "USA"]
[BlackTeamCountry "POR"]

1. d4 Nf6 2. c4 g6 3. f3 Bg7 4. e4 d6 5. Ne2 O-O 6. Be3 c5 7. d5 e6 8. Nec3 Na6 9. Be2 Nc7 10. O-O exd5 11. cxd5 b5 12. Nxb5 Nxb5 13. Bxb5 Rb8 14. Na3 Nh5 15. Rb1 f5 16. Qd2 fxe4 17. fxe4 Rxf1+ 18. Bxf1 Qh4 19. Bf2 Qe7 20. Qa5 Bd7 21. Nc4 Rf8 22. e5 Bxe5 23. Nxe5 Qxe5 24. Qd2 Nf4 25. Re1 Qg5 26. Kh1 Qxd5 27. Qc3 Bb5 28. Re7 Rf7 29. Rxf7 Kxf7 30. Qe3 Bxf1 31. Qxf4+ Ke8 32. Qg4 Kd8 33. Kg1 Bb5 34. h3 Bc6 35. b3 Kc7 36. Kh2 Qe5+ 37. Qg3 Qd5 38. Be3 Qd3 39. Bf4 Qxg3+ 40. Kxg3 Be4 41. Kf2 Kc6 42. g4 a5 43. Bd2 Kb5 44. Ke2 Bb1 45. a4+ Kb6 46. Bf4 Bc2 47. Bxd6 Bxb3 48. Kd3 Kc6 49. Be7 Bxa4 50. h4 Bd1 51. g5 Kd5 52. Kc3 a4 53. Kd2 Bg4 54. Kc3 Be2 55. Kd2 Bc4 56. Kc3 a3 57. Bf8 Ba2 58. Kc2 Kc4 59. Bd6 Bb3+ 60. Kb1 Kd5 61. Be7 a2+ 62. Kb2 c4 63. Bb4 Kd4 64. Be1 Kd3 65. Bb4 c3+ 66. Ka1 c2 67. Ba3 Ke4 68. Bc1 Kf5 69. Bb2 Kg4 70. Bc1 Kxh4 71. Kb2 Kg4 72. Ka1 Kf3 73. Kb2 Ke2 74. Ka1 Kd1 75. Bf4 Ba4 0-1

[Event "World Youth U-16 Olympiad 2018"]
[Site "Konya"]
[Date "2018.11.26"]
[Round "2"]
[White "Mis, Mieszko"]
[Black "Vokhidov, Shamsiddin"]
[Result "0-1"]
[WhiteElo "2307"]
[BlackElo "2456"]
[Annotator "TA"]
[PlyCount "64"]
[EventDate "2018.11.25"]
[EventType "team-tourn"]
[EventCountry "TUR"]
[SourceTitle "playchess.com"]
[Source "ChessBase"]
[SourceQuality "1"]
[WhiteTeam "Poland"]
[BlackTeam "Uzbekistan"]
[WhiteTeamCountry "POL"]
[BlackTeamCountry "UZB"]

1. d4 d5 2. Nf3 c6 3. e3 Nf6 4. c4 g6 5. Nc3 Bg7 6. Be2 O-O 7. O-O a6 8. Ne5 Be6 9. cxd5 Nxd5 10. Ne4 Nd7 11. Ng5 Nxe5 12. Nxe6 fxe6 13. dxe5 Bxe5 14. Bg4 Kh8 15. Qb3 Qd6 16. g3 Qb4 17. Qxb4 Nxb4 18. Bd2 Nd3 19. Bxe6 Rad8 20. Ba5 Rd6 21. Bh3 Rd5 22. Bc3 Bxc3 23. bxc3 Nc5 24. Rfd1 Rfd8 25. Bg4 a5 26. Rxd5 Rxd5 27. Rd1 Rxd1+ 28. Bxd1 Ne4 29. c4 Nc3 30. Bb3 a4 31. Bc2 a3 32. Bb3 Ne2+ 0-1

[Event "World Youth U-16 Olympiad 2018"]
[Site "Konya"]
[Date "2018.11.26"]
[Round "2"]
[White "Cohen Revivo, Shoham"]
[Black "Liyanage, Ranindu Dilshan"]
[Result "0-1"]
[WhiteElo "2299"]
[BlackElo "2100"]
[Annotator "TA"]
[PlyCount "74"]
[EventDate "2018.11.25"]
[EventType "team-tourn"]
[EventCountry "TUR"]
[SourceTitle "playchess.com"]
[Source "ChessBase"]
[SourceQuality "1"]
[WhiteTeam "Israel"]
[BlackTeam "Sri Lanka"]
[WhiteTeamCountry "ISR"]
[BlackTeamCountry "SRI"]

1. b3 d5 2. Bb2 Nf6 3. e3 c5 4. Nf3 a6 5. Be2 Nc6 6. O-O e6 7. d4 Bd6 8. Nbd2 O-O 9. c4 b6 10. Ne5 Bb7 11. cxd5 exd5 12. f4 Qe7 13. Bd3 cxd4 14. exd4 Ba3 15. Bxa3 Qxa3 16. Ndf3 Nb4 17. Bf5 Bc8 18. Qb1 g6 19. Bxc8 Raxc8 20. Ng5 Nc2 21. f5 Qb4 22. Qd1 Nxa1 23. Qxa1 Qd2 24. Ngf3 Qe3+ 25. Kh1 Rc2 26. Qe1 Qxe1 27. Rxe1 Rfc8 28. Nd3 Ne4 29. fxg6 hxg6 30. Kg1 Rxa2 31. Nb4 Ra5 32. Ne5 Rb5 33. Nxa6 Rxb3 34. Nd7 Rc2 35. Rf1 Rbb2 36. Nf6+ Kg7 37. Ne8+ Kf8 0-1

[Event "World Youth U-16 Olympiad 2018"]
[Site "Konya"]
[Date "2018.11.26"]
[Round "2"]
[White "Tadic, Stefan"]
[Black "Ceres, Dragos"]
[Result "1/2-1/2"]
[WhiteElo "2295"]
[BlackElo "2324"]
[Annotator "TA"]
[PlyCount "80"]
[EventDate "2018.11.25"]
[EventType "team-tourn"]
[EventCountry "TUR"]
[SourceTitle "playchess.com"]
[Source "ChessBase"]
[SourceQuality "1"]
[WhiteTeam "Serbia"]
[BlackTeam "Moldova"]
[WhiteTeamCountry "SRB"]
[BlackTeamCountry "MDA"]

1. e4 e6 2. d4 d5 3. Nc3 Nf6 4. Bg5 dxe4 5. Nxe4 Nbd7 6. Nf3 Be7 7. Nxf6+ Bxf6 8. Bxf6 Qxf6 9. Bd3 O-O 10. O-O e5 11. Re1 exd4 12. Nxd4 g6 13. c3 Ne5 14. Be4 Rb8 15. Qd2 Nc4 16. Qe2 Nd6 17. Bc2 c5 18. Nb5 Nxb5 19. Qxb5 b6 20. Be4 Rd8 21. Rad1 Be6 22. Qa4 Rxd1 23. Rxd1 Rd8 24. a3 a5 25. Qc2 Kg7 26. Rxd8 Qxd8 27. Qd3 Qg5 28. Qe3 Qxe3 29. fxe3 g5 30. Kf2 h5 31. Bc6 Kf6 32. e4 Ke5 33. Ke3 h4 34. b4 axb4 35. axb4 Bc4 36. g3 hxg3 37. hxg3 f6 38. Bb7 cxb4 39. cxb4 Bf1 40. Bc8 Bg2 1/2-1/2

[Event "World Youth U-16 Olympiad 2018"]
[Site "Konya"]
[Date "2018.11.26"]
[Round "2"]
[White "Faerber, David"]
[Black "Li, Wenxiang"]
[Result "0-1"]
[WhiteElo "2291"]
[BlackElo "2172"]
[Annotator "TA"]
[PlyCount "196"]
[EventDate "2018.11.25"]
[EventType "team-tourn"]
[EventCountry "TUR"]
[SourceTitle "playchess.com"]
[Source "ChessBase"]
[SourceQuality "1"]
[WhiteTeam "Germany"]
[BlackTeam "China"]
[WhiteTeamCountry "GER"]
[BlackTeamCountry "CHN"]

1. e4 c6 2. d4 d5 3. Nd2 dxe4 4. Nxe4 Nd7 5. Nf3 Ngf6 6. Nxf6+ Nxf6 7. c3 Bg4 8. h3 Bxf3 9. Qxf3 Qd5 10. Be2 e6 11. O-O Bd6 12. Re1 O-O 13. g3 Rac8 14. Kg2 h6 15. Be3 Rfd8 16. a3 a6 17. Rad1 b5 18. Bc1 Rd7 19. Bd3 a5 20. Qxd5 Nxd5 21. f4 b4 22. axb4 axb4 23. c4 Ne7 24. Be3 Rcd8 25. Bc2 b3 26. Bxb3 Rb7 27. Rd3 Rdb8 28. Bd1 Rxb2+ 29. Re2 Nf5 30. Bf2 g5 31. Kf3 Rxe2 32. Bxe2 Rb2 33. fxg5 hxg5 34. Bf1 Rb4 35. Rd2 Be7 36. Kg2 Nd6 37. Rc2 Ne4 38. Bd3 Nxf2 39. Kxf2 Rb3 40. Bf1 Bd6 41. g4 Bf4 42. Re2 Rc3 43. Re4 Kg7 44. Be2 Rxh3 45. Bf3 Rh8 46. Re1 Rc8 47. Rb1 Kf6 48. Rb7 Rd8 49. Bxc6 Rxd4 50. Be8 Rxc4 51. Rxf7+ Ke5 52. Rb7 Bd2 53. Bh5 Ke4 54. Rf7 Bc3 55. Bg6+ Ke5 56. Bh5 Bd4+ 57. Ke2 Rc2+ 58. Kd3 Rc3+ 59. Kd2 Rg3 60. Rf1 Kd5 61. Ke2 Be5 62. Kf2 Ra3 63. Rb1 Bd4+ 64. Kg2 Ke4 65. Re1+ Be3 66. Rf1 Ra2+ 67. Kh1 e5 68. Bg6+ Kd4 69. Rd1+ Bd2 70. Kg2 Ke3 71. Rf1 Be1+ 72. Kh3 Bf2 73. Kg2 Bh4+ 74. Kh3 Rb2 75. Bf5 e4 76. Ra1 Kf3 77. Be6 e3 78. Bd5+ Kf2 79. Bc4 e2 80. Bxe2 Kxe2 81. Ra3 Rd2 82. Re3+ Kf2 83. Rf3+ Ke1 84. Re3+ Re2 85. Ra3 Re4 86. Rb3 Ke2 87. Rb2+ Kf3 88. Rg2 Kf4 89. Kh2 Re3 90. Rg1 Bg3+ 91. Kh1 Kxg4 92. Rb1 Re1+ 93. Kg2 Re2+ 94. Kf1 Rf2+ 95. Kg1 Kh3 96. Rb7 Re2 97. Rh7+ Bh4 98. Kf1 Re1# 0-1

[Event "World Youth U-16 Olympiad 2018"]
[Site "Konya"]
[Date "2018.11.26"]
[Round "2"]
[White "Stefansson, Vignir Vatnar"]
[Black "Garcia de Dios, Jose Antonio"]
[Result "1-0"]
[WhiteElo "2283"]
[BlackElo "2194"]
[Annotator "TA"]
[PlyCount "105"]
[EventDate "2018.11.25"]
[EventType "team-tourn"]
[EventCountry "TUR"]
[SourceTitle "playchess.com"]
[Source "ChessBase"]
[SourceQuality "1"]
[WhiteTeam "Iceland"]
[BlackTeam "Mexico"]
[WhiteTeamCountry "ISL"]
[BlackTeamCountry "MEX"]

1. d4 Nf6 2. c4 g6 3. Nc3 Bg7 4. e4 d6 5. Be2 O-O 6. Be3 e5 7. d5 a5 8. g4 Na6 9. g5 Nd7 10. h4 f5 11. gxf6 Qxf6 12. h5 Ndc5 13. Nf3 Bg4 14. Ng5 Bxe2 15. Qxe2 h6 16. hxg6 hxg5 17. Qh5 Rfe8 18. O-O-O g4 19. f3 Nb4 20. Bxc5 dxc5 21. fxg4 Ra6 22. a3 Qxg6 23. axb4 axb4 24. Qxg6 Rxg6 25. Nb5 Re7 26. d6 cxd6 27. Nxd6 Rd7 28. Nf5 Rxd1+ 29. Rxd1 Rxg4 30. Rd8+ Kh7 31. Rd7 b6 32. Kc2 Kg8 33. Re7 Rg2+ 34. Kb3 Bf6 35. Rb7 Re2 36. Rxb6 Kf7 37. Rc6 Bg5 38. Rxc5 Bc1 39. Kxb4 Bxb2 40. Rc6 Ke8 41. Kc5 Kd7 42. Rb6 Bc3 43. Rb3 Ba1 44. Rb6 Rxe4 45. Kd5 Re1 46. Rb7+ Kd8 47. Nd6 Rd1+ 48. Kc6 Rxd6+ 49. Kxd6 Kc8 50. Rb1 Bc3 51. c5 e4 52. c6 e3 53. c7 1-0

[Event "World Youth U-16 Olympiad 2018"]
[Site "Konya"]
[Date "2018.11.26"]
[Round "2"]
[White "Csiki, Endre"]
[Black "Stevanic, David"]
[Result "1/2-1/2"]
[WhiteElo "2282"]
[BlackElo "2237"]
[Annotator "TA"]
[PlyCount "89"]
[EventDate "2018.11.25"]
[EventType "team-tourn"]
[EventCountry "TUR"]
[SourceTitle "playchess.com"]
[Source "ChessBase"]
[SourceQuality "1"]
[WhiteTeam "Hungary"]
[BlackTeam "Slovenia"]
[WhiteTeamCountry "HUN"]
[BlackTeamCountry "SLO"]

1. e4 e5 2. Nf3 Nc6 3. Nc3 Nf6 4. d4 exd4 5. Nxd4 Bb4 6. Nxc6 bxc6 7. Bd3 O-O 8. O-O d5 9. exd5 cxd5 10. h3 c6 11. Qf3 Bd6 12. Bf4 Rb8 13. b3 Qc7 14. Bxd6 Qxd6 15. Na4 c5 16. Qg3 Qxg3 17. fxg3 c4 18. bxc4 Rb4 19. Nc5 dxc4 20. Rf4 Nh5 21. Rxc4 Rxc4 22. Bxc4 Nxg3 23. Kf2 Nf5 24. Re1 Rd8 25. Bd3 Kf8 26. Re4 Rd5 27. Nb3 Bd7 28. Be2 Rd6 29. g4 Ne7 30. Rd4 Rxd4 31. Nxd4 g5 32. Kg3 Nc6 33. Nxc6 Bxc6 34. h4 h6 35. hxg5 hxg5 36. Kf2 Bd7 37. Ke3 f5 38. gxf5 Bxf5 39. c4 Ke7 40. Kd4 Kd6 41. c5+ Kc6 42. a4 Bc2 43. a5 Bf5 44. Kc4 g4 45. Bxg4 1/2-1/2

[Event "World Youth U-16 Olympiad 2018"]
[Site "Konya"]
[Date "2018.11.26"]
[Round "2"]
[White "Subelj, Jan"]
[Black "Gombocz, Ferenc Jr."]
[Result "1-0"]
[WhiteElo "2281"]
[BlackElo "2290"]
[Annotator "NA RC"]
[PlyCount "115"]
[EventDate "2018.11.25"]
[EventType "team-tourn"]
[EventCountry "TUR"]
[SourceTitle "playchess.com"]
[Source "ChessBase"]
[SourceQuality "1"]
[WhiteTeam "Slovenia"]
[BlackTeam "Hungary"]
[WhiteTeamCountry "SLO"]
[BlackTeamCountry "HUN"]

1. e4 e5 2. Nf3 Nc6 3. Bb5 g6 4. d4 exd4 5. Bg5 Be7 6. Bxe7 Qxe7 7. Bxc6 dxc6 8. Qxd4 Nf6 9. O-O O-O 10. Nc3 Rd8 11. Qe3 b6 12. h3 Bb7 13. Qh6 Qf8 14. Qh4 Nh5 15. e5 c5 16. Ne4 Bxe4 17. Qxe4 Qe7 18. Rad1 Ng7 19. Rd2 Ne6 20. Rfd1 Rab8 21. c4 Rxd2 22. Rxd2 Rd8 23. Rd5 c6 24. Rxd8+ Nxd8 25. h4 h5 26. g4 hxg4 27. Qxg4 Qe6 28. Qg5 Qd7 29. Kh2 Ne6 30. Qe3 Nd4 31. Ng5 Nf5 32. Qe4 Qd4 33. Qxd4 cxd4 34. Kh3 Kf8 35. Kg4 Ke7 36. b3 c5 37. Nf3 Ng7 38. Kf4 Ne6+ 39. Ke4 Nc7 40. Ne1 Ke6 41. Nd3 f5+ 42. exf6 Kxf6 43. b4 Ne6 44. bxc5 bxc5 45. a4 a5 46. f4 Kg7 47. Ke5 Kf7 48. f5 gxf5 49. Kxf5 Ke7 50. Kg6 Kd6 51. h5 Nf8+ 52. Kf7 Nh7 53. h6 Ng5+ 54. Kg6 Ne6 55. h7 Nf8+ 56. Kh6 Nxh7 57. Kxh7 Ke6 58. Kg6 1-0

[Event "World Youth U-16 Olympiad 2018"]
[Site "Konya"]
[Date "2018.11.26"]
[Round "2"]
[White "Shpanko, Nadiia"]
[Black "Sprenar, Petr"]
[Result "0-1"]
[WhiteElo "2262"]
[BlackElo "2268"]
[Annotator "TA"]
[PlyCount "170"]
[EventDate "2018.11.25"]
[EventType "team-tourn"]
[EventCountry "TUR"]
[SourceTitle "playchess.com"]
[Source "ChessBase"]
[SourceQuality "1"]
[WhiteTeam "Ukraine"]
[BlackTeam "Czech Republic"]
[WhiteTeamCountry "UKR"]
[BlackTeamCountry "CZE"]

1. Nf3 d5 2. d4 e6 3. e3 Nf6 4. Bd3 Be7 5. O-O O-O 6. b3 b6 7. Bb2 Bb7 8. Nbd2 Nbd7 9. Qe2 Ne4 10. c4 Bf6 11. Rfd1 Re8 12. Bc2 Nxd2 13. Rxd2 dxc4 14. bxc4 Qe7 15. Qd3 g6 16. Ba4 Rec8 17. e4 e5 18. Ba3 c5 19. d5 Bg7 20. Bb2 f6 21. h4 Rf8 22. h5 Bh6 23. Re2 Rad8 24. hxg6 hxg6 25. Nh4 Kf7 26. Qg3 Bg5 27. Nf3 Bf4 28. Qg4 Bc8 29. Nh4 Rg8 30. Bc1 Nf8 31. Qf3 g5 32. Qh5+ Kg7 33. Bxf4 Rh8 34. Qf3 Rxh4 35. Bg3 Bg4 36. Qe3 Bxe2 37. Bxh4 Bxc4 38. Bg3 Ng6 39. f3 Nf4 40. Bxf4 gxf4 41. Qc1 Ba6 42. Kf2 c4 43. g4 fxg3+ 44. Kxg3 Rg8 45. Kf2 b5 46. Bc2 Rh8 47. Qg1+ Kf8 48. Qg3 Qc5+ 49. Ke2 Rg8 50. Qf2 Qxf2+ 51. Kxf2 Rh8 52. Kg3 Ke7 53. Rb1 Rg8+ 54. Kf2 Rb8 55. Rh1 Rb7 56. a3 Kd6 57. Rh6 Rf7 58. Ke3 Bc8 59. f4 a5 60. Rh8 Bb7 61. fxe5+ fxe5 62. Rh6+ Kc5 63. Re6 b4 64. axb4+ axb4 65. Rxe5 b3 66. Bd1 Rf1 67. Ke2 Rh1 68. Re7 Rh2+ 69. Ke3 Ba6 70. Rc7+ Kb4 71. d6 b2 72. d7 b1=Q 73. d8=Q Qc1+ 74. Kf3 Qc3+ 75. Kf4 Rf2+ 76. Kg4 Rg2+ 77. Kf4 Qg3+ 78. Kf5 Rf2+ 79. Ke6 Qg6+ 80. Ke5 Qg3+ 81. Ke6 Qh3+ 82. Ke5 Qh2+ 83. Ke6 Qh6+ 84. Ke7 Qf6+ 85. Ke8 Bb5+ 0-1

[Event "World Youth U-16 Olympiad 2018"]
[Site "Konya"]
[Date "2018.11.26"]
[Round "2"]
[White "Haring, Filip"]
[Black "Lazavik, Denis"]
[Result "0-1"]
[WhiteElo "2258"]
[BlackElo "2235"]
[Annotator "RC"]
[PlyCount "168"]
[EventDate "2018.11.25"]
[EventType "team-tourn"]
[EventCountry "TUR"]
[SourceTitle "playchess.com"]
[Source "ChessBase"]
[SourceQuality "1"]
[WhiteTeam "Slovakia"]
[BlackTeam "Belarus"]
[WhiteTeamCountry "SVK"]
[BlackTeamCountry "BLR"]

1. e4 e5 2. Nf3 Nc6 3. d4 exd4 4. Nxd4 Qf6 5. Be3 Bc5 6. c3 Nge7 7. Na3 O-O 8. Nab5 Bb6 9. Qf3 d5 10. Qxf6 gxf6 11. f3 dxe4 12. fxe4 Ne5 13. Nc2 c6 14. Nd6 Rd8 15. Rd1 Bc7 16. Bc5 b6 17. Nxc8 Rxd1+ 18. Kxd1 Nxc8 19. Ba3 Bd6 20. b4 a5 21. Kc1 axb4 22. cxb4 Bf8 23. Bb2 Rxa2 24. Ba3 Rxa3 25. Nxa3 Bxb4 26. Nc4 Nxc4 27. Bxc4 Nd6 28. Bd3 c5 29. Kb2 Bd2 30. Kb3 b5 31. Kc2 Bf4 32. g3 Be5 33. Rb1 c4 34. Be2 Kf8 35. Bf3 Ke7 36. Rd1 b4 37. Rd5 b3+ 38. Kb1 c3 39. Bd1 c2+ 40. Bxc2 bxc2+ 41. Kxc2 Nxe4 42. Kd3 Nd6 43. Ra5 Ke6 44. Ke2 f5 45. Kf3 Ne4 46. Ra6+ Bd6 47. Ra8 Kf6 48. Rd8 Ke7 49. Ra8 Ng5+ 50. Kg2 Be5 51. Ra7+ Kf6 52. Ra6+ Ne6 53. Kf3 Kg5 54. Ra7 Bc7 55. Rb7 h5 56. Rb4 f4 57. gxf4+ Bxf4 58. Kg2 Be5 59. Rb5 f6 60. Ra5 Kg4 61. Ra8 Nf4+ 62. Kh1 h4 63. Rg8+ Kf5 64. Kg1 Ke4 65. Kf1 Kf3 66. Rg7 Ne6 67. Rh7 Kg4 68. Kg2 Ng5 69. Ra7 h3+ 70. Kh1 Ne4 71. Rg7+ Kf3 72. Rh7 Nf2+ 73. Kg1 f5 74. Rh5 Kg4 75. Rh7 Ne4 76. Kh1 f4 77. Re7 Kf5 78. Rh7 f3 79. Ra7 Nf2+ 80. Kg1 Ng4 81. Rf7+ Ke4 82. Kh1 Nxh2 83. Rh7 f2 84. Rf7 f1=Q+ 0-1

[Event "World Youth U-16 Olympiad 2018"]
[Site "Konya"]
[Date "2018.11.26"]
[Round "2"]
[White "Amon, Nejc"]
[Black "Borhy, Marcell"]
[Result "1/2-1/2"]
[WhiteElo "2257"]
[BlackElo "2201"]
[Annotator "TA"]
[PlyCount "90"]
[EventDate "2018.11.25"]
[EventType "team-tourn"]
[EventCountry "TUR"]
[SourceTitle "playchess.com"]
[Source "ChessBase"]
[SourceQuality "1"]
[WhiteTeam "Slovenia"]
[BlackTeam "Hungary"]
[WhiteTeamCountry "SLO"]
[BlackTeamCountry "HUN"]

1. e4 d6 2. d4 Nf6 3. Nc3 e5 4. dxe5 dxe5 5. Qxd8+ Kxd8 6. Bg5 Be6 7. O-O-O+ Nbd7 8. g3 h6 9. Bxf6+ gxf6 10. f4 exf4 11. gxf4 Bg4 12. Be2 Bxe2 13. Ngxe2 c6 14. Ng3 Kc7 15. Nf5 Re8 16. a3 Rg8 17. Rd2 Nb6 18. Rf1 Rg6 19. Rd3 Rg2 20. Rh3 Rd8 21. Ne3 Rg6 22. Rg3 Bc5 23. Nf5 Nc4 24. Rd1 Rxd1+ 25. Nxd1 Nd6 26. Nc3 h5 27. b4 Bf2 28. Rf3 Rg1+ 29. Kb2 Nc4+ 30. Ka2 Rg2 31. h3 Bg1 32. Rg3 Rxg3 33. Nxg3 h4 34. Nh5 Nd2 35. Ne2 Bf2 36. Nxf6 Kd6 37. e5+ Ke6 38. Kb2 Nf1 39. Ng4 Bb6 40. Kc3 Ng3 41. Kd3 Kf5 42. Nh6+ Kg6 43. Ng4 Kf5 44. Nh6+ Kg6 45. Ng4 Kf5 1/2-1/2

[Event "World Youth U-16 Olympiad 2018"]
[Site "Konya"]
[Date "2018.11.26"]
[Round "2"]
[White "Kerem, Halil Ozgun"]
[Black "Iniyan, P."]
[Result "0-1"]
[WhiteElo "2248"]
[BlackElo "2468"]
[Annotator "TA"]
[PlyCount "116"]
[EventDate "2018.11.25"]
[EventType "team-tourn"]
[EventCountry "TUR"]
[SourceTitle "playchess.com"]
[Source "ChessBase"]
[SourceQuality "1"]
[WhiteTeam "TUR"]
[BlackTeam "IND"]
[WhiteTeamCountry "TUR"]

1. Nf3 Nf6 2. g3 g6 3. Bg2 Bg7 4. d4 O-O 5. O-O d6 6. c4 Nbd7 7. Nc3 e5 8. e4 exd4 9. Nxd4 Re8 10. Be3 Ne5 11. b3 Bd7 12. f3 Qc8 13. Qd2 Bh3 14. Rad1 Bxg2 15. Kxg2 Nfd7 16. Nde2 a5 17. a4 Nc6 18. Nb5 Nb4 19. Nf4 b6 20. Nd5 Nxd5 21. cxd5 Qb7 22. Rc1 Rac8 23. Rc2 f5 24. Rfc1 Nc5 25. Bxc5 dxc5 26. d6 Red8 27. Qd5+ Qxd5 28. exd5 cxd6 29. Re1 Bf8 30. Re6 Kf7 31. Kf2 Re8 32. Nxd6+ Bxd6 33. Rxd6 Rb8 34. Re2 Rxe2+ 35. Kxe2 b5 36. Ra6 bxa4 37. bxa4 Ke7 38. Rxa5 Kd6 39. Ra7 Rb2+ 40. Ke3 Rxh2 41. a5 Kxd5 42. a6 Ra2 43. Ra8 g5 44. a7 Kc4 45. Rg8 Rxa7 46. Rxg5 Rf7 47. Rg8 Kc3 48. Rb8 c4 49. Rc8 Kb3 50. Rb8+ Kc2 51. Kd4 c3 52. Rc8 Kd2 53. Ke5 c2 54. Rd8+ Kc1 55. Ke6 Rc7 56. Kxf5 Kb1 57. Rb8+ Ka2 58. Ra8+ Kb2 0-1

[Event "World Youth U-16 Olympiad 2018"]
[Site "Konya"]
[Date "2018.11.26"]
[Round "2"]
[White "Svanda, Ondrej"]
[Black "Galperin, Platon"]
[Result "0-1"]
[WhiteElo "2244"]
[BlackElo "2334"]
[Annotator "TA"]
[PlyCount "70"]
[EventDate "2018.11.25"]
[EventType "team-tourn"]
[EventCountry "TUR"]
[SourceTitle "playchess.com"]
[Source "ChessBase"]
[SourceQuality "1"]
[WhiteTeam "Czech Republic"]
[BlackTeam "Ukraine"]
[WhiteTeamCountry "CZE"]
[BlackTeamCountry "UKR"]

1. e4 c6 2. d4 d5 3. Nc3 dxe4 4. Nxe4 Nf6 5. Nxf6+ exf6 6. c3 Bd6 7. Bd3 O-O 8. Qc2 Re8+ 9. Ne2 h5 10. Be3 Nd7 11. O-O-O Nf8 12. Ng3 Be6 13. Kb1 g6 14. Ne4 b5 15. Rhe1 Bd5 16. h3 f5 17. Nxd6 Qxd6 18. Rg1 a5 19. Bc1 Qe6 20. b3 a4 21. b4 Nd7 22. g4 hxg4 23. hxg4 Be4 24. gxf5 Qxf5 25. Rg5 Bxd3 26. Rxd3 Qe4 27. Re3 Qxc2+ 28. Kxc2 Rxe3 29. Bxe3 Nb6 30. Rc5 Rc8 31. Bf4 f6 32. Kd3 Kf7 33. d5 Nxd5 34. Bd2 Nb6 35. c4 Nd7 0-1

[Event "World Youth U-16 Olympiad 2018"]
[Site "Konya"]
[Date "2018.11.26"]
[Round "2"]
[White "Li, Henry"]
[Black "Caputcuoglu, Zeki Berke"]
[Result "1-0"]
[WhiteElo "2219"]
[BlackElo "2156"]
[Annotator "TA"]
[PlyCount "121"]
[EventDate "2018.11.25"]
[EventType "team-tourn"]
[EventCountry "TUR"]
[SourceTitle "playchess.com"]
[Source "ChessBase"]
[SourceQuality "1"]
[WhiteTeam "Ireland"]
[BlackTeam "Turkey"]
[WhiteTeamCountry "IRL"]
[BlackTeamCountry "TUR"]

1. e4 e5 2. Nf3 Nc6 3. Bb5 a6 4. Ba4 d6 5. O-O Bd7 6. d4 Nf6 7. Bxc6 Bxc6 8. Re1 Be7 9. Nc3 exd4 10. Nxd4 Nd7 11. e5 dxe5 12. Nxc6 bxc6 13. Qf3 Rb8 14. Qxc6 Rb6 15. Qa4 O-O 16. Rd1 Bd6 17. Nd5 Nc5 18. Qc4 Rb8 19. Be3 Ne6 20. b4 Qc8 21. a4 Qb7 22. Rab1 Rfd8 23. c3 Bf8 24. h3 Rd6 25. Qe4 c6 26. Nb6 Nd4 27. cxd4 Qxb6 28. dxe5 Rxd1+ 29. Rxd1 Qxb4 30. Qxc6 Qb3 31. Rd7 Qb1+ 32. Kh2 Qf5 33. Qd5 Re8 34. Bd4 h5 35. Rd8 Rxd8 36. Qxd8 Qe4 37. g3 Kh7 38. Be3 Ba3 39. Qd4 Qf5 40. Qf4 Qg6 41. Kg2 Bb2 42. Kf3 Qe6 43. g4 Bxe5 44. Qf5+ Qxf5+ 45. gxf5 g6 46. Ke4 Bf6 47. Kd5 gxf5 48. Kc6 f4 49. Bxf4 Kg6 50. Kb7 Kf5 51. Be3 a5 52. Bd2 Ke4 53. Bxa5 Kf3 54. Bb6 Bc3 55. a5 Bxa5 56. Bxa5 Kxf2 57. h4 f5 58. Kc6 f4 59. Kd5 Ke3 60. Ke5 f3 61. Kf5 1-0

[Event "World Youth U-16 Olympiad 2018"]
[Site "Konya"]
[Date "2018.11.26"]
[Round "2"]
[White "Asadi, Motahare"]
[Black "Chicarosie, Ioana-Bianca"]
[Result "1-0"]
[WhiteElo "2216"]
[BlackElo "1508"]
[Annotator "RC"]
[PlyCount "85"]
[EventDate "2018.11.25"]
[EventType "team-tourn"]
[EventCountry "TUR"]
[SourceTitle "playchess.com"]
[Source "ChessBase"]
[SourceQuality "1"]
[WhiteTeam "Iran"]
[BlackTeam "Romania"]
[WhiteTeamCountry "IRI"]
[BlackTeamCountry "ROU"]

1. e4 e6 2. d4 d5 3. Nc3 Bb4 4. Nge2 Nf6 5. Bg5 dxe4 6. a3 Bxc3+ 7. Nxc3 Nbd7 8. Nxe4 h6 9. Nxf6+ Nxf6 10. Bh4 Bd7 11. Qe2 Bc6 12. O-O-O Qe7 13. c4 O-O-O 14. f3 g5 15. Bf2 b6 16. Qc2 Bb7 17. Be2 Rhe8 18. h4 Kb8 19. hxg5 hxg5 20. Be3 Rg8 21. Rh6 Nd7 22. Re1 f6 23. Bd3 Qf7 24. Bd2 Rh8 25. Bg6 Qe7 26. Rxh8 Rxh8 27. Bf5 e5 28. c5 bxc5 29. dxc5 c6 30. Bb4 Rd8 31. Ba5 Re8 32. Rd1 Nf8 33. Rd6 Ka8 34. Qd3 Rb8 35. Bd8 Qf7 36. Bxf6 Qe8 37. g4 Qf7 38. Bxe5 Qe7 39. Bg3 Qf7 40. Rd8 Rc8 41. Bxc8 Bxc8 42. Rxc8+ Kb7 43. Rb8# 1-0

[Event "World Youth U-16 Olympiad 2018"]
[Site "Konya"]
[Date "2018.11.26"]
[Round "2"]
[White "Tsaruk, Maksim"]
[Black "Ferkova, Dominika"]
[Result "1-0"]
[WhiteElo "2215"]
[BlackElo "2086"]
[Annotator "TA"]
[PlyCount "89"]
[EventDate "2018.11.25"]
[EventType "team-tourn"]
[EventCountry "TUR"]
[SourceTitle "playchess.com"]
[Source "ChessBase"]
[SourceQuality "1"]
[WhiteTeam "Belarus"]
[BlackTeam "Slovakia"]
[WhiteTeamCountry "BLR"]
[BlackTeamCountry "SVK"]

1. e4 c6 2. d4 d5 3. Nc3 dxe4 4. Nxe4 Bf5 5. Ng3 Bg6 6. Nf3 Nd7 7. h4 h6 8. h5 Bh7 9. Bd3 Bxd3 10. Qxd3 e6 11. Bd2 Ngf6 12. O-O-O Be7 13. Kb1 O-O 14. Ne4 Nxe4 15. Qxe4 Nf6 16. Qe2 Qd5 17. Ne5 c5 18. dxc5 Qxc5 19. g4 Rfd8 20. f4 Rac8 21. c3 Bd6 22. Be3 Qc7 23. Bd4 Nd5 24. f5 f6 25. Ng6 e5 26. Qb5 Qc6 27. Qxc6 bxc6 28. Bxa7 Ra8 29. Bf2 Ra4 30. Kc2 Rxa2 31. Ra1 Rda8 32. Rxa2 Rxa2 33. Rd1 Ra4 34. Kb3 Ra8 35. c4 Rb8+ 36. Kc2 Nb4+ 37. Kb1 Bf8 38. Ba7 Ra8 39. Rd7 Nd3 40. Rxd3 Rxa7 41. Rd8 Rf7 42. Kc2 e4 43. Kd2 e3+ 44. Kxe3 c5 45. Ke4 1-0

[Event "World Youth U-16 Olympiad 2018"]
[Site "Konya"]
[Date "2018.11.26"]
[Round "2"]
[White "Kara, Yanki"]
[Black "Koustav Chatterjee"]
[Result "1/2-1/2"]
[WhiteElo "2212"]
[BlackElo "2346"]
[Annotator "TA"]
[PlyCount "95"]
[EventDate "2018.11.25"]
[EventType "team-tourn"]
[EventCountry "TUR"]
[SourceTitle "playchess.com"]
[Source "ChessBase"]
[SourceQuality "1"]
[WhiteTeam "Turkey"]
[BlackTeam "India"]
[WhiteTeamCountry "TUR"]
[BlackTeamCountry "IND"]

1. Nf3 c5 2. c4 Nc6 3. Nc3 g6 4. e3 Nf6 5. d4 cxd4 6. exd4 d5 7. cxd5 Nxd5 8. Qb3 e6 9. Bg5 Be7 10. Bxe7 Ncxe7 11. Bb5+ Kf8 12. O-O Kg7 13. Rfe1 a6 14. Bc4 Nf6 15. Rad1 b5 16. Bf1 Bb7 17. Ne5 Ned5 18. Na4 Re8 19. Nc5 Rb8 20. Be2 Qd6 21. Bf3 Ba8 22. Qc2 Nb4 23. Qb3 Bxf3 24. Qxf3 Nbd5 25. Rc1 Re7 26. g3 Rc8 27. Qa3 Rec7 28. Rcd1 Ne7 29. Qxa6 Qxa6 30. Nxa6 Ra7 31. Nb4 Nfd5 32. Nxd5 Nxd5 33. a3 b4 34. axb4 Nxb4 35. Re3 Nd5 36. Ra3 Rb7 37. Rda1 Rxb2 38. Ra7 Rc7 39. Rxc7 Nxc7 40. Ra7 Rc2 41. Rb7 Kf8 42. Rb8+ Kg7 43. Rb7 Kf8 44. Rb8+ Ne8 45. Rb7 Rc7 46. Rb5 Nd6 47. Ra5 Nf5 48. d5 1/2-1/2